000
00318 a2200157 4500
001
62930
020
_a
8508029322
040
_c
Anchieta - Pituba
100
_a
Silva, Ezequiel Theodoro da
240
1
0
_a
Leitura
_l
por
245
1
0
_a
Leitura
300
_a
115
362
0
_a
2004
650
4
_a
Educação
942
_c
BK
999
_c
62930
_d
62930